000 00583nam a2200229Ia 4500
003 OSt
005 20221005124852.0
006 a|||||r|||| 00| 0
007 ta
008 221004b |||||||| |||| 00| 0 mal d
024 _a57648
037 _cTextual
040 _aCRL
_cCRL
_bmal
041 _2mal
_amal
082 _aO32,6xL1, L3
100 _aPai M Narsimha Ed.
_9635877
245 0 _aNiroopana sahithyam
260 _c1973
650 _aMALAYALAM PROSE
_9187524
942 _hO32,6xL1, L3
_cTEXL
_2cc
999 _c1051933
_d1051933